Statistiques concernant Culture Générale - Série 29

Cliquez ici pour prendre le quiz!

Statistiques générales

  • Ce quiz a été pris 1 682 fois
  • Le résultat moyen est 5 sur 10

Statistiques - réponses

QuestionRéponse% Correct
En France, quel est le nombre de parrainages dont doit disposer un candidat à l’élection présidentielle?500
86%
Dans quel sport s'est illustré Marcel Cerdan ?Boxe
57%
Quelle est la capitale française des parfums ?Grasse
53%
Qui a écrit Don Quichotte de la Mancha ?Cervantes
51%
Quel est le nom de l'acteur américain mort en 1955 d'un accident de voiture . Il avait "La fureur de vivre".James Dean
50%
Quel leader socialiste est assassiné en juillet 1914 ?Jean Jaurès
46%
A qui doit-on la découverte de la pénicilline ?Alexander Fleming
44%
L’auteur d’Alice au pays des merveilles est :Lewis Carroll
39%
Quelle profession Jean Moulin exerçait-il ?Préfet
21%
La Symphonie pastorale a été écrite par :André Gide
10%

Distribution des résultats

Percentile par nombre de réponses

% des personnes avec chaque résultat

Votre développement - résultats

Vous n’avez pas pris ce quiz